Statistics for Next UK Prime Minister - Bookies' Favourites

Click here to take the quiz!

General Stats

  • This quiz has been taken 24 times
  • The average score is 4 of 13

Answer Stats

OddsAnswer% Correct
9/4Jeremy Corbyn
95%
50/1Sajid Javid
52%
40/1Dominic Raab
43%
20/1Jo Swinson
43%
33/1Michael Gove
38%
25/1Keir Starmer
24%
25/1Nigel Farage
24%
50/1Dominic Grieve
19%
10/1Ken Clarke
19%
50/1Amber Rudd
14%
10/1Margaret Beckett
10%
50/1Rebecca Long-Bailey
10%
50/1Yvette Cooper
10%

Score Distribution

Percentile by Number Answered

Percent of People with Each Score

Your Score History

You have not taken this quiz